All 5k+ cities in Maryland on a map - Statistics

General Stats
  • This quiz has been taken 39 times
  • The average score is 14 of 43
Answers on the Map
Answers color-coded by a green-red scale on the quiz's map according to % correct below.
 
Answer Stats
City Population % Correct
Baltimore 585,708
100%
Annapolis 40,812
92%
Frederick 78,171
81%
Hagerstown 43,527
73%
Cumberland 19,076
69%
Gaithersburg 69,657
69%
Rockville 67,117
65%
Salisbury 33,050
62%
Bowie 58,329
58%
Ocean City 6,844
58%
College Park 34,740
54%
Bel Air 10,661
50%
Aberdeen 16,254
38%
Havre de Grace 14,807
38%
Elkton 15,807
35%
Easton 17,101
31%
Frostburg 7,027
31%
Laurel 30,060
31%
Westminster 20,126
31%
Takoma Park 17,629
27%
Cambridge 13,096
23%
Hyattsville 21,187
23%
Poolesville 5,742
23%
Berlin 5,026
19%
Bladensburg 9,657
19%
Brunswick 7,762
19%
Chestertown 5,532
19%
Greenbelt 24,921
19%
La Plata 10,159
19%
New Carrollton 13,715
15%
Thurmont 6,213
15%
Cheverly 6,170
12%
District Heights 5,959
12%
Fruitland 5,534
12%
Hampstead 6,241
12%
Mount Airy 9,654
12%
Taneytown 7,234
12%
Chesapeake Beach 6,356
8%
Manchester 5,408
8%
Walkersville 6,156
8%
Glenarden 6,402
4%
Mount Rainier 8,333
4%
Riverdale Park 7,351
4%
No matching quizzes found
Score Distribution
Percent of People with Each Score
Percentile by Number Answered
Your Score History
You have not taken this quiz